000 00302nam a2200121Ia 4500
008 190216s9999||||xx |||||||||||||| ||und||
100 _aDhires Bhattacharyya
245 0 _aIndia`S Five Year Plan
260 _bCalcutta The World Press Pvt Ltd
_c1978
300 _a193p
650 _aCommerce
942 _cBK
999 _c4241
_d4241